| 000 | 00475nam a2200169 a 4500 | ||
|---|---|---|---|
| 005 | 20210223125038.0 | ||
| 008 | 030703s1988 mx r 000 0 spa d | ||
| 035 | _aUPN01000127265 | ||
| 049 | _aSEP | ||
| 050 | 4 |
_aLE7.3319 G23 _bU54 |
|
| 245 | 0 | 0 | _aUniversidad Autónoma de Guerrero. |
| 260 |
_aMéxico : _bSEP : _bANUIES, _c1988. |
||
| 300 | _a99 p. | ||
| 440 | 0 | _aPrograma institucional de desarrollo | |
| 610 | 2 | 4 |
_aUNIVERSIDAD AUTONOMA DE GUERRERO _920056 |
| 905 | _aLibro | ||
| 999 |
_c99444 _d99444 |
||